01187cam a22003011 4500001001300000003000400013005001700017008004100034010001700075040003800092043001200130050002400142051002500166082003700191100005000228245013100278260004800409300006300457490005400520500004900574504003000623650003900653650004300692650004400735650003900779830005000818999001700868gs 64000311 DLC20260227111415.0770317s1964 dcuab b f000 0 eng c ags 64000311  aU.S. Geol. Survey. Libr.cakdDLC an-us-ak00aTC801b.U2 no. 1773 aQE84.A4bC4cCopy 2.00a553.7/0973 sa553.7/9/0979832191 aCederstrom, D. J.q(Dagfin John),d1908-1997.00aGeology and ground-water resources of the Anchorage area, Alaska,cby D. J. Cederstrom, Frank W. Trainer, and Roger M. Waller. aWashington,bU.S. Govt. Print. Off.,c1964. avi, 108 p.billus., maps (1 col.) diagrs., tables.c24 cm.1 aU.S. Geological Survey. Water-supply paperv1773. aPart of illustrative matter fold. in pocket. aBibliography: p. 107-108. 0aGeologyzAlaskazAnchorage Region. 0aGroundwaterzAlaskazAnchorage Region. 0aWater-supplyzAlaskazAnchorage Region. 0aBoringszAlaskazAnchorage Region. 0aGeological Survey water-supply paper ;v1773. c29888d29888